000 00236nam a2200109Ia 4500
008 170620s9999 xx 000 0 und d
100 _aCHANDRA- PRASANNA
245 0 _aFINANCIAL MANAGEMENT
260 _bTMH
260 _c2011
300 _a1062
546 _aENGLISH
999 _c29958
_d29958